• 首页
  • 本馆介绍
  • 公告通知
  • 最新文献
  • 馆藏检索
  • 电子资源
  • 读者导购
  • 参考咨询
  • 我的图书馆
  • 登录
  • 详细信息显示
  • 放入我的书架
  • 预约/预借图书
  • 作者相关作品
  • 分类相关作品
  • 丛书相关作品
  • 出版社相关作品

书目信息

  • 表格格式
  • 工作单格式
  • 卡片格式
题名:
进化
    
 
作者: 赵成 著
分册:  
出版信息: 北京   电子工业出版社  2018
页数: 35,273页
开本: 21cm
丛书名:
单 册:
中图分类: TP393.02
科图分类:
主题词: 计算机网络--网络结构
电子资源:
ISBN: 978-7-121-33885-4
000 00853nam0 2200229 450
001 2354677117
005 20231130151134.57
010    @a978-7-121-33885-4@dCNY59.00
100    @a20181129d2018 em y0chiy50 ea
101 0  @achi
102    @aCN@b110000
105    @ay z 000yy
200 1  @a进化@Ajin hua@e运维技术变革与实践探索@f赵成著
210    @a北京@c电子工业出版社@d2018
215    @a35,273页@d21cm
330    @a本书从应用生命周期的视角,全面详细地介绍了分布架构体系下,应用运维体系建设的方方面面,涵盖了体系建设方法论指导、持续交付体系建设思路和实践、稳定性体系规划建设,以及故障的科学管理方法等内容。
517 1  @a运维技术变革与实践探索@Ayun wei ji shu bian ge yu shi jian tan suo
606 0  @a计算机网络@x网络结构
690    @aTP393.02@v5
701  0 @a赵成@Azhao cheng@4著
801  0 @aCN@b山东中教@c20231126
905    @aBZT@dTP393.02@e7
    
    进化:运维技术变革与实践探索/赵成著.-北京:电子工业出版社,2018
    35,273页;21cm
    
    
    ISBN 978-7-121-33885-4:CNY59.00
    本书从应用生命周期的视角,全面详细地介绍了分布架构体系下,应用运维体系建设的方方面面,涵盖了体系建设方法论指导、持续交付体系建设思路和实践、稳定性体系规划建设,以及故障的科学管理方法等内容。
●
相关链接 在五车中查询图书 在当当中查询图书 在豆瓣中查询图书


正题名:进化     索取号:TP393.02/7         预约/预借

序号 登录号 条形码 馆藏地/架位号 状态 备注
1 2001158617   2001158617   中教(第二批第二书库)/山东中教(第二批)/712/ [索取号:TP393.02/7] 在馆    
2 2001158618   2001158618   中教(第二批第二书库)/山东中教(第二批)/712/ [索取号:TP393.02/7] 在馆    
3 2001158619   2001158619   中教(第二批第二书库)/山东中教(第二批)/712/ [索取号:TP393.02/7] 在馆    
4 2001158620   2001158620   中教(第二批第二书库)/山东中教(第二批)/712/ [索取号:TP393.02/7] 在馆    
5 2001158621   2001158621   中教(第二批第二书库)/山东中教(第二批)/712/ [索取号:TP393.02/7] 在馆    
6 2001158622   2001158622   中教(第二批第二书库)/山东中教(第二批)/712/ [索取号:TP393.02/7] 在馆    
7 2001158623   2001158623   中教(第二批第二书库)/山东中教(第二批)/712/ [索取号:TP393.02/7] 在馆    
8 2001158624   2001158624   中教(第二批第二书库)/山东中教(第二批)/712/ [索取号:TP393.02/7] 在馆    
9 2001158625   2001158625   中教(第二批第二书库)/山东中教(第二批)/712/ [索取号:TP393.02/7] 在馆    
10 2001158626   2001158626   中教(第二批第二书库)/山东中教(第二批)/712/ [索取号:TP393.02/7] 在馆    
11 2001158627   2001158627   中教(第二批第二书库)/山东中教(第二批)/712/ [索取号:TP393.02/7] 在馆    
12 2001158628   2001158628   中教(第二批第二书库)/山东中教(第二批)/712/ [索取号:TP393.02/7] 在馆    
13 2001158629   2001158629   中教(第二批第二书库)/山东中教(第二批)/712/ [索取号:TP393.02/7] 在馆    
14 2001158630   2001158630   中教(第二批第二书库)/山东中教(第二批)/712/ [索取号:TP393.02/7] 在馆    
15 2001158631   2001158631   中教(第二批第二书库)/山东中教(第二批)/712/ [索取号:TP393.02/7] 在馆    
16 2001158632   2001158632   中教(第二批第二书库)/山东中教(第二批)/712/ [索取号:TP393.02/7] 在馆    
17 2001158633   2001158633   中教(第二批第二书库)/山东中教(第二批)/712/ [索取号:TP393.02/7] 在馆    
18 2001158634   2001158634   中教(第二批第二书库)/山东中教(第二批)/712/ [索取号:TP393.02/7] 在馆    
19 2001158635   2001158635   中教(第二批第二书库)/山东中教(第二批)/712/ [索取号:TP393.02/7] 在馆    
20 2001158636   2001158636   中教(第二批第二书库)/山东中教(第二批)/712/ [索取号:TP393.02/7] 在馆    
21 2001158637   2001158637   中教(第二批第二书库)/山东中教(第二批)/712/ [索取号:TP393.02/7] 在馆    
22 2001158638   2001158638   中教(第二批第二书库)/山东中教(第二批)/712/ [索取号:TP393.02/7] 在馆    
23 2001158639   2001158639   中教(第二批第二书库)/山东中教(第二批)/712/ [索取号:TP393.02/7] 在馆    
24 2001158640   2001158640   中教(第二批第二书库)/山东中教(第二批)/712/ [索取号:TP393.02/7] 在馆    
25 2001158641   2001158641   中教(第二批第二书库)/山东中教(第二批)/712/ [索取号:TP393.02/7] 在馆    
26 2001158642   2001158642   中教(第二批第二书库)/山东中教(第二批)/712/ [索取号:TP393.02/7] 在馆    
27 2001158643   2001158643   中教(第二批第二书库)/山东中教(第二批)/712/ [索取号:TP393.02/7] 在馆    
28 2001158644   2001158644   中教(第二批第二书库)/山东中教(第二批)/712/ [索取号:TP393.02/7] 在馆    
29 2001158645   2001158645   中教(第二批第二书库)/山东中教(第二批)/712/ [索取号:TP393.02/7] 在馆    
30 2001158646   2001158646   中教(第二批第二书库)/山东中教(第二批)/712/ [索取号:TP393.02/7] 在馆    
山东省滨州职业学院图书馆 欢迎您!
大连网信软件有限公司© 版权所有